000 01101 a2200253 4500
001 40789
005 20260407155703.0
008 260407a1988 arg spa d
003 AR-UNSa-BCEJYS
040 _aAR-UNSa-BCEJYS
_bspa
_cAR-UNSa-BCEJYS
080 _a314
_xDemografía. Estudios de población
245 1 0 _aEl estudio de la población
020 _a84-7088-297-X
264 1 _aMadrid :
_bInstituto Nacional de Administración Pública (INAP)
_c1988
300 _a215 p.
_c21 cm.
505 _a1. Introducción - 2. La distribución espacial de la población y el poblamiento - 3. Valoración de una población a través de su composición según el sexo y la edad de sus habitantes - 4. El estudio de la población activa - 5. Movimientos naturales - 6. Los movimientos migratorios - 7. El crecimiento de la población - 8. Fuentes demográficas españolas.
041 _aspa
942 _cBK
590 _aniveau_biblio:m niveau_hierar:0
100 1 _aVinuesa Angulo, Julio
700 1 _aOlivera Poll, Ana
700 1 _aAbellan Garcia, Antonio
700 1 _aMoreno Jimenez, Antonio
999 _c3311
_d3311